00430nam a22001577a 450000500170000001000170001702000260003403500130006003700130007308200060008610000170009224500520010926000360016127000540019730000210025120230530153342.0 aENG-115148  a9789385288142c299.00 aEN-98680 bDBAD/PUB aN aBedford, Ian aThe last candles of the night /cby Ian Bedford aNew DelhibSpeaking Tigerc2015 a4381/4 Ansari Road, Daryaganj,bNew Delhie110002 a275p.c20cm(pbk)